000 00415nam a2200181Ia 4500
001 2812
005 20260306144834.0
008 260306t1995||||xx |||||||||||||| ||spa||
041 _aESP
082 _a230.2
_bA68
100 _aArce, Pablo
_eAUT
245 0 _aCurso de teología dogmática
260 _c1995
300 _a262 páginas :
_c22 cm.
650 _aGEN
654 _aCHU
942 _cLIB
_dJUS
_fJUS
_2ddc
_n
999 _c2812
_d2812